00553nam a22001697a 450000500170000001000150001702000260003203500130005803700130007108200080008424500630009226000330015527001040018830000200029250000500031270000210036220150610111056.0 aENG-113030 a9789385160233c695.00 aEN-96562 bDBAB/PUB a320 aHandbook of political science /cedited by Harsharan Singh aNew DelhibLenin Mediac2015 a204-205, IInd Floor, Durga Complex Centre Shoping Complex Mayur Vihar, Phase-II,bNew Delhie110091 a312p.c22cm(Hb) aIncludes bibliographical references and index aHarsharan Singh